MARC details
| 000 -LEADER |
| fixed length control field |
01481cam a2200409 i 4500 |
| 001 - CONTROL NUMBER |
| control field |
200441530 |
| 003 - CONTROL NUMBER IDENTIFIER |
| control field |
TR-AnTOB |
| 005 - DATE AND TIME OF LATEST TRANSACTION |
| control field |
20240824073709.0 |
| 007 - PHYSICAL DESCRIPTION FIXED FIELD--GENERAL INFORMATION |
| fixed length control field |
ta |
| 008 - FIXED-LENGTH DATA ELEMENTS--GENERAL INFORMATION |
| fixed length control field |
820426m19811982fr a b i000 0 eng |
| 010 ## - LIBRARY OF CONGRESS CONTROL NUMBER |
| LC control number |
82129526 |
| 015 ## - NATIONAL BIBLIOGRAPHY NUMBER |
| National bibliography number |
F*** |
| 020 ## - INTERNATIONAL STANDARD BOOK NUMBER |
| International Standard Book Number |
9264122621 (v. 1 : pbk.) : |
|
| International Standard Book Number |
9264123695 (v. 2 : pbk.) |
| 040 ## - CATALOGING SOURCE |
| Original cataloging agency |
DLC |
| Language of cataloging |
eng |
| Description conventions |
rda |
| Transcribing agency |
DLC |
| Modifying agency |
TR-AnTOB |
| 041 0# - LANGUAGE CODE |
| Language code of text/sound track or separate title |
İngilizce |
| 043 ## - GEOGRAPHIC AREA CODE |
| Geographic area code |
ee----- |
| 050 00 - LIBRARY OF CONGRESS CALL NUMBER |
| Classification number |
HD1917 |
| Item number |
.P76 |
| 090 ## - LOCALLY ASSIGNED LC-TYPE CALL NUMBER (OCLC); LOCAL CALL NUMBER (RLIN) |
| Classification number (OCLC) (R) ; Classification number, CALL (RLIN) (NR) |
HD1917 |
| Local cutter number (OCLC) ; Book number/undivided call number, CALL (RLIN) |
.P76 |
| 245 00 - TITLE STATEMENT |
| Title |
Prospects for agricultural production and trade in Eastern Europe. |
| 264 #1 - PRODUCTION, PUBLICATION, DISTRIBUTION, MANUFACTURE, AND COPYRIGHT NOTICE |
| Place of production, publication, distribution, manufacture |
Paris : |
| Name of producer, publisher, distributor, manufacturer |
Organisation for Economic Co-operation and Development, |
| Date of production, publication, distribution, manufacture, or copyright notice |
c1981-c1982 |
|
| Place of production, publication, distribution, manufacture |
Washington, D.C. : |
| Name of producer, publisher, distributor, manufacturer |
Sold by OECD Publication and Information Center], |
| Date of production, publication, distribution, manufacture, or copyright notice |
c1981-c1982 |
| 300 ## - PHYSICAL DESCRIPTION |
| Extent |
2 volumes : |
| Other physical details |
illustrations ; |
| Dimensions |
24 cm |
| 336 ## - CONTENT TYPE |
| Source |
rdacontent |
| Content type term |
text |
| Content type code |
txt |
| 337 ## - MEDIA TYPE |
| Source |
rdamedia |
| Media type term |
unmediated |
| Media type code |
n |
| 338 ## - CARRIER TYPE |
| Source |
rdacarrier |
| Carrier type term |
volume |
| Carrier type code |
nc |
| 504 ## - BIBLIOGRAPHY, ETC. NOTE |
| Bibliography, etc. note |
Includes bibliographical references. |
| 505 0# - FORMATTED CONTENTS NOTE |
| Formatted contents note |
v. 1. Poland, German Democratic Republic, Hungary -- v. 2. Bulgaria, Czechoslovakia, Romania. |
| 650 #0 - SUBJECT ADDED ENTRY--TOPICAL TERM |
| Topical term or geographic name entry element |
Agriculture |
| General subdivision |
Economic aspects |
| Geographic subdivision |
Europe, Eastern |
| 9 (RLIN) |
104501 |
|
| Topical term or geographic name entry element |
Produce trade |
| Geographic subdivision |
Europe, Eastern |
| 9 (RLIN) |
34118 |
|
| Topical term or geographic name entry element |
Agricultural productivity |
| Geographic subdivision |
Europe, Eastern |
| 9 (RLIN) |
3757 |
|
| Topical term or geographic name entry element |
Agriculture and state |
| Geographic subdivision |
European Union countries |
| 9 (RLIN) |
34117 |
| 710 2# - ADDED ENTRY--CORPORATE NAME |
| Corporate name or jurisdiction name as entry element |
Organisation for Economic Co-operation and Development |
| 9 (RLIN) |
33753 |
| 942 ## - ADDED ENTRY ELEMENTS (KOHA) |
| Source of classification or shelving scheme |
Library of Congress Classification |
| Koha item type |
Book |